00713nam a2200241 a 4500001001300000003000900013005001700022008004100039020001000080082001600090100002100106245004700127260004200174300000800216500003500224505001000259650003200269700002100301902000800322942000700330952011700337999001700454nice12345678IN_TiNIC20260116013240.0050524s1985 dela grp 000 0 eng  ac35000a709.07bPAR aParihar, Subhash aMughal Monuments in the Punjab and Haryana aDelhibInter-India Publicationsc1985 a64p aincludes index and biblioraphy2 aNotes aIslamic-Architecture Mughal1 aParihar, Subhash bSRS cBK 001040708StackRoom-aHMIbHMId2007-06-12g350.00l0o709.07 PARp016295r2007-06-12v350.00w2005-05-24yBK c10250d10250